000 00349nam a2200133Ia 4500
005 20260326100033.0
008 260326s9999||||xx |||||||||||||| ||und||
100 _aYannas, Simos
245 0 _aDesign of Educational Buildings :
_b 2 examples /
_cSimos Yannas
260 _bSimos Yannas
300 _a89 p.
650 _aARQUITECTURA CIVIL
942 _cBK
999 _c6667
_d6667